书目信息 |
| 题名: |
杰出物理学家的失误
|
|
| 作者: | 杨建邺 , 止戈 编著 | |
| 分册: | ||
| 出版信息: | 武汉 华中师范大学出版社 1986 |
|
| 页数: | 208页 | |
| 开本: | 19cm | |
| 丛书名: | ||
| 单 册: | ||
| 中图分类: | O4-091 | |
| 科图分类: | ||
| 主题词: | 物理学家--生平事迹 , 物理学史--普及读物 , 物理学 | |
| 电子资源: | ||
| ISBN: | ||
| 000 | 00748nam0 2200277 45 | |
| 001 | 0186005232 | |
| 005 | 20040524161506.2 | |
| 010 | @dCNY1.15 | |
| 091 | @a17406.02 | |
| 100 | @a19951113d1986 em y0chiy0121 ea | |
| 101 | 0 | @achi |
| 102 | @aCN@b420000 | |
| 105 | @ay z 000yy | |
| 106 | @ar | |
| 200 | 10 | @a杰出物理学家的失误@Ajie chu wu li xue jia de shi wu@f杨建邺,止戈编著 |
| 210 | @a武汉@c华中师范大学出版社@d1986 | |
| 215 | @a208页@d19cm | |
| 606 | @a物理学家@x生平事迹 | |
| 606 | @a物理学史@x普及读物 | |
| 606 | 0 | @a物理学 |
| 690 | @aO4-091 | |
| 701 | 0 | @a杨建邺@4编著@Ayang jian ye |
| 701 | 0 | @a止戈@4编著@Azhi ge |
| 801 | 0 | @aCN@b深圳图书馆@c20040524 |
| 801 | 2 | @aCN@bNLC@c20040524 |
| 905 | @f4@b251050-053@dO4-091@e236 | |
| 杰出物理学家的失误/杨建邺,止戈编著.-武汉:华中师范大学出版社,1986 |
| 208页;19cm |
| ISBN :CNY1.15 |
| ● |
| 相关链接 |
|
|
|
|
正题名:杰出物理学家的失误
索取号:O4-091/236
 
预约/预借
| 序号 | 登录号 | 条形码 | 馆藏地/架位号 | 状态 | 备注 |
| 1 | 0251050 | 001632353 | 第三借阅区/ [索取号:O4-091/236] | 在馆 | |
| 2 | 0251051 | 001632380 | 第三借阅区/ [索取号:O4-091/236] | 在馆 | |
| 3 | 0251052 | 001632399 | 第三借阅区/ [索取号:O4-091/236] | 在馆 | |
| 4 | 0251053 | 001632371 | 第三借阅区/ [索取号:O4-091/236] | 在馆 | |
| 5 | 0251054 | 001632362 | 第二样本阅览室/ [索取号:O4-091/236] | 在馆 |